00788cam a22002291a 450000100060000000300080000600500170001400800390003103500190007003500180008904000480010704100080015508200200016310000330018324500690021625000120028526000840029730000250038150400660040665000360047270000500050821421BD-RjUL20211209000701.0140304r1950 enk b 001 0 eng a(BD-RjUL)21485 a(OCoLC)353526 aDLCcODaWUdOCoLCdNHemHdDLCdBD-RjULbeng aeng a821.6bCOP 19501 aCowper, William,d1731-1800.14aThe poetical works of William Cowper /ceditied by H.S. Milford. a4th ed. aLondon, [Eng.] :bOxford University Press ; Humprey Milford,c[Reprinted 1950]. axxx, 684 p. ;c19 cm aIncludes bibliographical references : (p. 637-676) and index. aEnglish poetry x18th century. 1 aMilford, H. S.d1877-1952.q(Humphrey Sumner)